Personnalités au hasard #70 - Statistiques

Statistiques générales
  • Ce quiz a été pris 118 fois
  • Le résultat moyen est 5 sur 32
Statistiques - réponses
Par images Réponse % Correct
Heung-min Son
57%
Teheiura Teahui
45%
Paulo Dybala
42%
George Michael
38%
Honoré de Balzac
37%
Ziggy Marley
36%
Robert Redford
35%
B.B Jacques
23%
Dolly Parton
23%
Sofiane Pamart
22%
Steve Aoki
22%
Susan Sarandon
20%
Meyer Habib
17%
Michal
16%
Cécile Chaduteau
14%
Philippe Douste-Blazy
13%
Nikita Khrouchtchev
12%
Liz Truss
9%
Patrice Duhamel
9%
Tiësto
8%
Kate Hudson
7%
Alfred Enoch
5%
Armand Fallières
5%
Benjamin Voisin
5%
Blaise Pascal
5%
Édouard VIII
5%
Irene Cara
4%
Émile Loubet
3%
Marie-Louise d'Autriche
3%
Ann Wilson
2%
Calvin Coolidge
2%
Olena Zelenska
2%
Aucun quiz correspondant
Distribution des résultats
% des personnes avec chaque résultat
Percentile par nombre de réponses
Votre historique - résultats
Vous n’avez pas pris ce quiz